[Event "JPN-ch"]
[Site "Tokyo"]
[Date "2023.05.06"]
[Round "8"]
[White "Higashino, Tetsuo"]
[Black "Aoshima, Mirai"]
[Result "1-0"]
[WhiteElo "2082"]
[BlackElo "2343"]
[PlyCount "109"]
[EventDate "2023.05.03"]
[EventType "swiss"]
[EventRounds "9"]
[EventCountry "JPN"]
[SourceTitle "CBM 214 Extra"]
[Source "ChessBase"]
[SourceDate "2023.07.31"]
[SourceVersion "1"]
[SourceVersionDate "2023.07.31"]
[SourceQuality "1"]

1. Nf3 Nf6 2. c4 e6 3. g3 d5 4. Bg2 d4 5. d3 c5 6. e4 Nc6 7. e5 Nd7 8. Qe2 Qc7 9. Bf4 h6 10. h4 Be7 11. Nbd2 Nf8 12. h5 Bd7 13. Ne4 0-0-0 14. Kf1 g5 15. hxg6 Nxg6 16. Nd6+ Bxd6 17. exd6 Qb6 18. Be5 Ncxe5 19. Nxe5 Nxe5 20. Qxe5 f6 21. Qe4 Qxb2 22. Re1 Kb8 23. Rh5 e5 24. Qh4 Qd2 25. Be4 Bc8 26. Re2 Qd1+ 27. Re1 Qg4 28. d7 Qxd7 29. Qxf6 Rde8 30. Rxh6 Rhf8 31. Qd6+ Qxd6 32. Rxd6 Re7 33. Kg2 Ref7 34. Re2 Bg4 35. Rb2 Bf3+ 36. Bxf3 Rxf3 37. Rd8+ Kc7 38. Rxf8 Rxf8 39. Rb1 Rf6 40. Rb5 b6 41. Rb1 Kd6 42. f3 Kc6 43. a4 a6 44. g4 Rf8 45. Kg3 Rg8 46. Rh1 Rg6 47. Rh5 b5 48. axb5+ axb5 49. cxb5+ Kxb5 50. Rxe5 Kb4 51. f4 Ra6 52. f5 Ra3 53. f6 Rxd3+ 54. Kf2 Rd2+ 55. Ke1 1-0

[Event "Tokyo Japan op"]
[Site "Tokyo"]
[Date "2021.11.21"]
[Round "4"]
[White "Higashino, Tetsuo"]
[Black "Kuroda, Yunosuke"]
[Result "1-0"]
[WhiteElo "2095"]
[BlackElo "1806"]
[PlyCount "63"]
[EventDate "2021.11.20"]
[EventType "swiss"]
[EventRounds "7"]
[EventCountry "JPN"]
[SourceTitle "CBM 205 Extra"]
[Source "ChessBase"]
[SourceDate "2022.01.31"]
[SourceVersion "1"]
[SourceVersionDate "2022.01.31"]
[SourceQuality "1"]

1. d4 Nf6 2. c4 c5 3. d5 e6 4. Nc3 exd5 5. cxd5 d6 6. g3 g6 7. Bg2 Bg7 8. Nf3 0-0 9. 0-0 a6 10. a4 Re8 11. Bf4 Nh5 12. Bg5 Qc7 13. Qd2 Nd7 14. Bh6 Bh8 15. e4 Ne5 16. Nxe5 Bxe5 17. Kh1 Bh8 18. Rae1 Bd7 19. f4 f5 20. e5 Qa5 21. Bf3 Ng7 22. exd6 Rxe1 23. Rxe1 Ne8 24. Re7 Qd8 25. Bg5 Qc8 26. h4 h5 27. Qe2 b6 28. Bxh5 Nf6 29. Bxg6 Ng4 30. Bh7+ Kf8 31. Rf7+ Kxf7 32. Qe7# 1-0

[Event "Tokyo Japan op"]
[Site "Tokyo"]
[Date "2021.11.20"]
[Round "2"]
[White "Higashino, Tetsuo"]
[Black "Kojima, Natsumi"]
[Result "1-0"]
[WhiteElo "2095"]
[BlackElo "1745"]
[PlyCount "57"]
[EventDate "2021.11.20"]
[EventType "swiss"]
[EventRounds "7"]
[EventCountry "JPN"]
[SourceTitle "CBM 205 Extra"]
[Source "ChessBase"]
[SourceDate "2022.01.31"]
[SourceVersion "1"]
[SourceVersionDate "2022.01.31"]
[SourceQuality "1"]

1. d4 d5 2. c4 e6 3. Nf3 Nf6 4. g3 Be7 5. Bg2 0-0 6. 0-0 c6 7. Qc2 b6 8. Nbd2 Bb7 9. e4 Na6 10. a3 Nc7 11. b4 c5 12. bxc5 dxe4 13. cxb6 axb6 14. Ng5 Qxd4 15. Bb2 Qd7 16. Ndxe4 Nxe4 17. Nxe4 Rab8 18. Rfd1 Qc8 19. Be5 Ra8 20. Bd6 Bxe4 21. Bxe4 Bxd6 22. Rxd6 Rb8 23. Bxh7+ Kh8 24. Rad1 b5 25. Qe4 g6 26. Bxg6 fxg6 27. Qxg6 Qe8 28. Qh6+ Kg8 29. R1d4 1-0

[Event "JPN-ch"]
[Site "Tokyo"]
[Date "2020.11.01"]
[Round "3"]
[White "Higashino, Tetsuo"]
[Black "Matsumoto, Yoshitaro"]
[Result "1/2-1/2"]
[WhiteElo "2070"]
[BlackElo "1909"]
[PlyCount "117"]
[EventDate "2020.10.31"]
[EventType "swiss"]
[EventRounds "7"]
[EventCountry "JPN"]
[SourceTitle "CBM 199 Extra"]
[Source "ChessBase"]
[SourceDate "2021.01.31"]
[SourceVersion "1"]
[SourceVersionDate "2021.01.31"]
[SourceQuality "1"]

1. Nf3 e6 2. g3 b6 3. Bg2 Bb7 4. c4 c5 5. Nc3 Nf6 6. 0-0 Be7 7. d4 cxd4 8. Qxd4 d6 9. Bg5 a6 10. Bxf6 Bxf6 11. Qf4 0-0 12. Rfd1 Be7 13. Ne4 Bxe4 14. Qxe4 Ra7 15. Rd2 Qc8 16. b3 b5 17. cxb5 axb5 18. Qd3 Qa6 19. Nd4 b4 20. Qxa6 Rxa6 21. Rc1 d5 22. e3 g6 23. Rdc2 Bd6 24. Bf1 Ra8 25. Bb5 Be5 26. f4 Bf6 27. Kg2 Ra5 28. Ba4 Ra7 29. Kf3 Bg7 30. Rc7 Rxc7 31. Rxc7 Na6 32. Rc6 Nb8 33. Rb6 Rc8 34. Rxb4 Na6 35. Rb6 Nc5 36. Bc6 Ne4 37. a4 Bxd4 38. exd4 Nd2+ 39. Ke3 Nxb3 40. Rxb3 Rxc6 41. a5 Ra6 42. Ra3 Kf8 43. Kd3 Ke7 44. Kc3 Kd6 45. Kb4 Kc6 46. Rc3+ Kb7 47. g4 Rd6 48. Rh3 Rc6 49. Rxh7 Ka6 50. Rxf7 Rc4+ 51. Kb3 Kxa5 52. Ra7+ Kb5 53. Re7 Rxd4 54. Rxe6 Rxf4 55. Rxg6 Rf3+ 56. Kc2 Rh3 57. Rg5 Rxh2+ 58. Kd3 Kc5 59. Rg8 1/2-1/2

[Event "JPN-ch 52nd"]
[Site "Tokyo"]
[Date "2019.05.04"]
[Round "10"]
[White "Higashino, Tetsuo"]
[Black "Nanjo, Ryosuke"]
[Result "0-1"]
[WhiteElo "2110"]
[BlackElo "2324"]
[PlyCount "164"]
[EventDate "2019.04.29"]
[EventType "swiss"]
[EventRounds "10"]
[EventCountry "JPN"]
[SourceTitle "CBM 190 Extra"]
[Source "ChessBase"]
[SourceDate "2019.07.15"]
[SourceVersion "1"]
[SourceVersionDate "2019.07.15"]
[SourceQuality "1"]

1. Nf3 d5 2. c4 c6 3. e3 Nf6 4. b3 Bg4 5. Bb2 Nbd7 6. Be2 e6 7. 0-0 Bd6 8. Nc3 a6 9. d4 Qe7 10. Qc2 0-0 11. Rad1 Rac8 12. Rfe1 Bb4 13. c5 Bxf3 14. Bxf3 e5 15. g3 e4 16. Bg2 h5 17. Bc1 Ba5 18. Rf1 Ng4 19. f3 exf3 20. Rxf3 Bxc3 21. Qxc3 f5 22. Rdf1 g6 23. Qc2 Kg7 24. h3 Ngf6 25. Rf4 Rce8 26. Kh2 Ne4 27. Bxe4 fxe4 28. Qe2 Nf6 29. Bd2 Nh7 30. h4 Nf6 31. Kg2 Ng4 32. Ba5 Rxf4 33. Rxf4 Rf8 34. Rxf8 Kxf8 35. Bd2 g5 36. Qf1+ Qf7 37. hxg5 Qxf1+ 38. Kxf1 Kf7 39. Ke2 Kg6 40. Ba5 Kxg5 41. Bc7 Kf5 42. Bd8 Nh6 43. Kf2 Kg4 44. Bc7 Kh3 45. Bf4 Ng4+ 46. Kg1 Nh2 47. Kf2 Nf3 48. Bc7 Kg4 49. Ba5 Ng5 50. Bc7 Ne6 51. Ba5 Kh3 52. Bb6 Kh2 53. Ba7 Ng7 54. Bb8 Kh3 55. Be5 Nf5 56. Bc7 Kg4 57. Bf4 h4 58. gxh4 Nxd4 59. h5 Ne6 60. h6 Nf8 61. Bd6 Nh7 62. b4 Kh5 63. Kg3 Kxh6 64. Kf4 Kg6 65. Ke5 Kf7 66. Kd4 Ke6 67. Bf4 Nf6 68. Kc3 Kf5 69. Kd4 Ng4 70. a4 Nf2 71. b5 Nd3 72. Bh6 Nb2 73. bxc6 bxc6 74. Kc3 Nxa4+ 75. Kb4 Nb2 76. Ka5 Ke6 77. Kxa6 Nc4 78. Kb7 d4 79. exd4 Kd5 80. Bf4 e3 81. Bg3 e2 82. Bf2 Nb2 0-1

[Event "JPN-ch 52nd"]
[Site "Tokyo"]
[Date "2019.05.01"]
[Round "5"]
[White "Manabe, Hiroshi"]
[Black "Higashino, Tetsuo"]
[Result "1/2-1/2"]
[WhiteElo "2056"]
[BlackElo "2110"]
[PlyCount "125"]
[EventDate "2019.04.29"]
[EventType "swiss"]
[EventRounds "10"]
[EventCountry "JPN"]
[SourceTitle "CBM 190 Extra"]
[Source "ChessBase"]
[SourceDate "2019.07.15"]
[SourceVersion "1"]
[SourceVersionDate "2019.07.15"]
[SourceQuality "1"]

1. d4 Nf6 2. c4 g6 3. Nc3 Bg7 4. e4 d6 5. Nf3 0-0 6. Be2 Bg4 7. 0-0 Nfd7 8. Be3 Nc6 9. Qd2 e5 10. d5 Bxf3 11. Bxf3 Nd4 12. Bd1 c5 13. dxc6 bxc6 14. f4 f5 15. exf5 Nxf5 16. Bg4 Nxe3 17. Qxe3 Nc5 18. Rad1 exf4 19. Rxf4 Rxf4 20. Qxf4 Be5 21. Qe3 Qh4 22. h3 h5 23. Qh6 Qf6 24. Bxh5 gxh5 25. Qxf6 Bxf6 26. Rxd6 Rf8 27. Ne2 Bxb2 28. Rxc6 Ne4 29. Re6 Nf6 30. Ra6 Rf7 31. Ra5 Kg7 32. Rb5 Ba1 33. Rb1 Be5 34. Nc1 Ne4 35. Nd3 Bd4+ 36. Kh2 h4 37. Re1 Ng3 38. c5 Rf1 39. Rxf1 Nxf1+ 40. Kh1 Kf6 41. g4 Nd2 42. Kg2 Ne4 43. c6 Bb6 44. Nf4 Ke5 45. Ng6+ Kd6 46. Nxh4 Kxc6 47. Nf5 Kd7 48. h4 Ke6 49. Kf3 Nc3 50. Kf4 Nxa2 51. g5 Nc3 52. g6 Nd5+ 53. Ke4 Nf6+ 54. Kf4 a5 55. Ne3 Nh5+ 56. Ke4 Ng3+ 57. Kd3 Bxe3 58. Kxe3 Kf6 59. Kd3 Nf5 60. h5 Ne7 61. Kc4 Kg7 62. Kb5 Nc6 63. Ka4 1/2-1/2

[Event "JPN-ch 52nd"]
[Site "Tokyo"]
[Date "2019.04.29"]
[Round "2"]
[White "Higashino, Tetsuo"]
[Black "Taga, Hiroto"]
[Result "1-0"]
[WhiteElo "2110"]
[BlackElo "1947"]
[PlyCount "59"]
[EventDate "2019.04.29"]
[EventType "swiss"]
[EventRounds "10"]
[EventCountry "JPN"]
[SourceTitle "CBM 190 Extra"]
[Source "ChessBase"]
[SourceDate "2019.07.15"]
[SourceVersion "1"]
[SourceVersionDate "2019.07.15"]
[SourceQuality "1"]

1. Nf3 Nf6 2. c4 g6 3. g3 Bg7 4. Bg2 d5 5. cxd5 Nxd5 6. Nc3 Nb6 7. d3 Nc6 8. Be3 0-0 9. h4 h5 10. 0-0 Bg4 11. Ng5 Qc8 12. Re1 Nd4 13. a4 a5 14. Rc1 c6 15. Nb5 Qd7 16. Nxd4 Bxd4 17. Bd2 Nd5 18. Qb3 Ra6 19. Qc4 Bxb2 20. Rb1 Bg7 21. f3 Be6 22. Nxe6 Qxe6 23. Rxb7 c5 24. e4 Nb4 25. Bg5 Qe5 26. Kh2 Re6 27. Re2 Bf6 28. Be3 Qd6 29. Bxc5 Qxd3 30. Rxb4 1-0

[Event "Tokyo Summer op"]
[Site "Tokyo"]
[Date "2018.07.15"]
[Round "1"]
[White "Chen, Ryo"]
[Black "Higashino, Tetsuo"]
[Result "1-0"]
[WhiteElo "1793"]
[BlackElo "2211"]
[PlyCount "127"]
[EventDate "2018.07.15"]
[EventType "swiss"]
[EventRounds "6"]
[EventCountry "JPN"]
[SourceTitle "EXT 2019"]
[Source "ChessBase"]
[SourceDate "2018.10.10"]
[SourceVersion "1"]
[SourceVersionDate "2018.10.10"]
[SourceQuality "1"]

1. e4 c5 2. Nf3 g6 3. c3 Bg7 4. d4 cxd4 5. cxd4 d5 6. e5 Bg4 7. Bb5+ Nd7 8. Nc3 e6 9. h3 Bxf3 10. Qxf3 Ne7 11. Bg5 0-0 12. 0-0 h6 13. Bh4 g5 14. Bg3 Nf5 15. Rad1 a6 16. Ba4 Rc8 17. Bc2 Nxg3 18. Qxg3 f5 19. exf6 Rxf6 20. Qd3 Nf8 21. g3 Qe8 22. Rde1 Qh5 23. Kg2 g4 24. hxg4 Qxg4 25. f3 Qg6 26. Qd2 Qf7 27. Qd3 Qg6 28. Qd2 Qf7 29. Qd3 Ng6 30. f4 Rf8 31. Qe3 h5 32. f5 exf5 33. Bb3 Rd8 34. Qf3 Rfd6 35. Qxf5 Qxf5 36. Rxf5 Bxd4 37. Rxd5 Kg7 38. Rxh5 Bxc3 39. bxc3 Rd2+ 40. Kf3 Rf8+ 41. Ke3 Rdf2 42. Reh1 R8f3+ 43. Kd4 Rd2+ 44. Kc4 b5+ 45. Kb4 Rxg3 46. Rh7+ Kf6 47. Ra7 Ne5 48. Rxa6+ Kf5 49. Rh5+ Rg5 50. Rxg5+ Kxg5 51. Kxb5 Kf4 52. c4 Nd7 53. c5 Ke5 54. c6 Kd6 55. cxd7+ Kxd7 56. Be6+ Ke7 57. a4 Rb2+ 58. Ka5 Re2 59. Bc4 Rc2 60. Bb5 Rb2 61. Kb6 Kd6 62. Ra7 Rb4 63. a5 Rb2 64. a6 1-0

[Event "JPN-ch"]
[Site "Tokyo"]
[Date "2018.05.02"]
[Round "7"]
[White "Matsuo, Tomohiko"]
[Black "Higashino, Tetsuo"]
[Result "1-0"]
[WhiteElo "2242"]
[BlackElo "1978"]
[PlyCount "63"]
[EventDate "2018.04.29"]
[EventType "swiss"]
[EventRounds "11"]
[EventCountry "JPN"]
[SourceTitle "CBM 184 Extra"]
[Source "ChessBase"]
[SourceDate "2018.06.28"]
[SourceVersion "1"]
[SourceVersionDate "2018.06.28"]
[SourceQuality "1"]

1. e4 c5 2. Nf3 g6 3. d4 cxd4 4. Nxd4 Nc6 5. c4 Bg7 6. Nc2 Nf6 7. Nc3 0-0 8. Be2 b6 9. 0-0 Bb7 10. f3 e6 11. Bg5 h6 12. Bh4 g5 13. Bg3 d5 14. cxd5 exd5 15. exd5 Ne7 16. d6 Nf5 17. Qd3 Qd7 18. Rad1 Rad8 19. f4 g4 20. Ne3 Nxe3 21. Qxe3 Rfe8 22. Qd2 Ne4 23. Nxe4 Rxe4 24. f5 Qc6 25. Rc1 Rd4 26. Rxc6 Rxd2 27. Rc7 Be4 28. Kf2 Bd4+ 29. Ke1 Rxb2 30. Rf4 Rb1+ 31. Bd1 Rxd6 32. Rxg4+ 1-0

[Event "JPN-ch"]
[Site "Tokyo"]
[Date "2018.05.02"]
[Round "8"]
[White "Nakamura, Naohiro"]
[Black "Higashino, Tetsuo"]
[Result "0-1"]
[WhiteElo "2113"]
[BlackElo "1978"]
[PlyCount "80"]
[EventDate "2018.04.29"]
[EventType "swiss"]
[EventRounds "11"]
[EventCountry "JPN"]
[SourceTitle "CBM 184 Extra"]
[Source "ChessBase"]
[SourceDate "2018.06.28"]
[SourceVersion "1"]
[SourceVersionDate "2018.06.28"]
[SourceQuality "1"]

1. c4 c5 2. Nf3 Nf6 3. Nc3 g6 4. d4 cxd4 5. Nxd4 Nc6 6. e4 Bg7 7. Be3 Ng4 8. Qxg4 Nxd4 9. Qd1 e5 10. Bd3 0-0 11. 0-0 b6 12. Qd2 Bb7 13. Rad1 Bc6 14. Bb1 Kh8 15. Ne2 Ne6 16. b4 Rc8 17. b5 Ba8 18. Qxd7 Nd4 19. Qxa7 Nxe2+ 20. Kh1 Qh4 21. Qxb6 Nc3 22. c5 Nxd1 23. Rxd1 Bxe4 24. Bxe4 Qxe4 25. c6 Qa4 26. Rb1 Qxa2 27. Rc1 f5 28. c7 f4 29. Bc5 Qd2 30. Ba3 e4 31. Qc6 Rfe8 32. b6 e3 33. b7 e2 34. Qxe8+ Rxe8 35. h3 Qxc1+ 36. Bxc1 e1Q+ 37. Kh2 Qxc1 38. b8Q Qc6 39. Qd8 Be5 40. c8Q Qxc8 0-1

[Event "JPN-ch"]
[Site "Tokyo"]
[Date "2018.05.01"]
[Round "5"]
[White "Kojima, Shinya"]
[Black "Higashino, Tetsuo"]
[Result "1-0"]
[WhiteElo "2400"]
[BlackElo "1978"]
[PlyCount "79"]
[EventDate "2018.04.29"]
[EventType "swiss"]
[EventRounds "11"]
[EventCountry "JPN"]
[SourceTitle "CBM 184 Extra"]
[Source "ChessBase"]
[SourceDate "2018.06.28"]
[SourceVersion "1"]
[SourceVersionDate "2018.06.28"]
[SourceQuality "1"]

1. Nf3 c5 2. c4 Nf6 3. Nc3 g6 4. d4 cxd4 5. Nxd4 Nc6 6. Nc2 Bg7 7. g3 0-0 8. Bg2 d6 9. 0-0 Nd7 10. Bd2 a5 11. Ne3 Nc5 12. Rb1 f5 13. f4 e5 14. Ned5 Nd4 15. Be3 Nce6 16. Qd2 Bd7 17. Rfd1 Rc8 18. b3 Rf7 19. Bf2 g5 20. e3 Nc6 21. Nb5 Qf8 22. Nb6 Rd8 23. Qxd6 Re7 24. Bd5 Kh8 25. Nxd7 Rdxd7 26. Qa3 Qd8 27. Qc1 exf4 28. exf4 gxf4 29. gxf4 Bh6 30. Bg3 Qb6+ 31. Kh1 Ncd4 32. Nxd4 Nxd4 33. Qc3 Bg7 34. Bf2 Qh6 35. Bxd4 Re2 36. Bxg7+ Rxg7 37. Bg2 Qh4 38. Rg1 Kg8 39. Bd5+ Kf8 40. Qxg7+ 1-0